| 000 | 00442nam a2200145Ia 4500 | ||
|---|---|---|---|
| 008 | 211109s9999||||xx |||||||||||||| ||und|| | ||
| 082 |
_a382.71 _bJOH-N |
||
| 100 | _aJohnson, Harry G | ||
| 245 | 0 | _aNew Trade Strategy For The World Economy | |
| 260 |
_bGEORGE g Harrap _aLONDON _c1969 |
||
| 300 | _a344p. | ||
| 630 | _xGeneral Stack | ||
| 650 |
_aNorth Atlantic Region _vInternational economic integrationFree trade _xEconomics |
||
| 942 | _cBOOK | ||
| 999 |
_c35829 _d35829 |
||